| 000 | 00454nam a2200157Ia 4500 | ||
|---|---|---|---|
| 003 | IQ-KOUCL | ||
| 041 | _aKurdish | ||
| 082 | _a324.2095672 cut-953 ه | ||
| 100 | _a20260118u\\\\\\\\\\\y0engy0103\\\\ba | ||
| 100 | _aمەسعودى مەلا هەمزە | ||
| 245 | 0 | _aکۆسرەت رەسول وشەڕى ناوخۆ هەڵوێست ونێوانگیرى | |
| 250 | _aچ1 | ||
| 260 |
_aسلیمانى - العراق _c2013 |
||
| 300 | _a306 | ||
| 942 | _cBk | ||
| 999 |
_c186930 _d186930 |
||